[Event "KAZ-ch"]
[Site "Almaty"]
[Date "2018.04.26"]
[Round "7"]
[White "Ismagambetov, Anuar"]
[Black "Saiyn, Zhanat"]
[Result "1-0"]
[WhiteElo "2547"]
[BlackElo "2377"]
[PlyCount "85"]
[EventDate "2018.04.20"]
[EventType "tourn"]
[EventRounds "11"]
[EventCountry "KAZ"]
[EventCategory "6"]
[SourceTitle "CBM 184 Extra"]
[Source "ChessBase"]
[SourceDate "2018.06.28"]
[SourceVersion "1"]
[SourceVersionDate "2018.06.28"]
[SourceQuality "1"]

1. e4 Nc6 2. d4 d5 3. e5 Bf5 4. c3 e6 5. Bb5 Nge7 6. Nf3 f6 7. 0-0 a6 8. Ba4 Ng6 9. exf6 gxf6 10. Re1 Qd7 11. b4 Bg7 12. Nbd2 b5 13. Bb3 e5 14. a4 0-0 15. axb5 axb5 16. Rxa8 Rxa8 17. dxe5 fxe5 18. Ne4 Bxe4 19. Rxe4 Nce7 20. Bg5 Kh8 21. Re1 c6 22. h4 h6 23. h5 hxg5 24. hxg6 Nxg6 25. Bc2 e4 26. Nxg5 Qf5 27. Rxe4 Qxg5 28. Rg4 Qe5 29. Rxg6 Qxc3 30. Rg3 Qe5 31. Re3 Qg5 32. Bb1 Be5 33. Qc2 Ra7 34. Qxc6 Kg7 35. Rh3 Re7 36. Qc8 Kf6 37. Rf3+ Bf4 38. g3 Re1+ 39. Kg2 Rxb1 40. Rxf4+ Ke7 41. Rf8 Kd6 42. Rd8+ Ke5 43. f4+ 1-0

[Event "KAZ-ch"]
[Site "Almaty"]
[Date "2018.04.24"]
[Round "5"]
[White "Nogerbek, Kazybek"]
[Black "Saiyn, Zhanat"]
[Result "1/2-1/2"]
[WhiteElo "2323"]
[BlackElo "2377"]
[PlyCount "41"]
[EventDate "2018.04.20"]
[EventType "tourn"]
[EventRounds "11"]
[EventCountry "KAZ"]
[EventCategory "6"]
[SourceTitle "CBM 184 Extra"]
[Source "ChessBase"]
[SourceDate "2018.06.28"]
[SourceVersion "1"]
[SourceVersionDate "2018.06.28"]
[SourceQuality "1"]

1. e4 Nc6 2. Nf3 d6 3. d4 Nf6 4. c3 g6 5. Be2 Bg7 6. 0-0 0-0 7. Nbd2 e5 8. dxe5 Nxe5 9. Nxe5 dxe5 10. Qc2 b6 11. Nc4 Bb7 12. Bf3 Qe7 13. Ne3 Rfd8 14. b3 Ba6 15. c4 c6 16. a4 Nd7 17. Ba3 Qe8 18. b4 Nf8 19. b5 Bb7 20. bxc6 Bxc6 21. Bxf8 1/2-1/2

[Event "KAZ-ch"]
[Site "Almaty"]
[Date "2018.04.23"]
[Round "4"]
[White "Saiyn, Zhanat"]
[Black "Ibrayev, Nurlan"]
[Result "1/2-1/2"]
[WhiteElo "2377"]
[BlackElo "2394"]
[PlyCount "45"]
[EventDate "2018.04.20"]
[EventType "tourn"]
[EventRounds "11"]
[EventCountry "KAZ"]
[EventCategory "6"]
[SourceTitle "CBM 184 Extra"]
[Source "ChessBase"]
[SourceDate "2018.06.28"]
[SourceVersion "1"]
[SourceVersionDate "2018.06.28"]
[SourceQuality "1"]

1. d4 Nf6 2. Nf3 d5 3. c4 c6 4. e3 Bg4 5. Nc3 e6 6. h3 Bxf3 7. Qxf3 Nbd7 8. Bd3 Bd6 9. Bd2 0-0 10. cxd5 exd5 11. g4 Bb4 12. g5 Bxc3 13. Bxc3 Ne4 14. Bxe4 dxe4 15. Qxe4 Qxg5 16. Qg4 Qd5 17. Rg1 g6 18. h4 Rfe8 19. Qg5 Nb6 20. Qxd5 Nxd5 21. h5 Re6 22. Kd2 Rae8 23. Kd3 1/2-1/2

[Event "Moscow op-A 14th"]
[Site "Moscow"]
[Date "2018.02.02"]
[Round "7"]
[White "Saiyn, Zhanat"]
[Black "Gurvich, Vitaly"]
[Result "1/2-1/2"]
[WhiteElo "2377"]
[BlackElo "2259"]
[PlyCount "88"]
[EventDate "2018.01.27"]
[EventType "swiss"]
[EventRounds "9"]
[EventCountry "RUS"]
[SourceTitle "CBM 182 Extra"]
[Source "ChessBase"]
[SourceDate "2018.02.23"]
[SourceVersion "1"]
[SourceVersionDate "2018.02.23"]
[SourceQuality "1"]

1. d4 Nf6 2. Nf3 g6 3. g3 Bg7 4. Bg2 d5 5. 0-0 0-0 6. Nbd2 c6 7. b3 a5 8. a4 Na6 9. Ba3 Re8 10. Re1 Bg4 11. Ne5 Bf5 12. c3 Nd7 13. f4 Nxe5 14. fxe5 f6 15. exf6 exf6 16. e4 dxe4 17. Nxe4 Bxe4 18. Bxe4 f5 19. Bf3 Nc7 20. Qd3 Qd7 21. Qc4+ Nd5 22. Kf2 h5 23. Rad1 Kh7 24. Qd3 Rad8 25. Kg2 Bh6 26. Bc1 Rxe1 27. Rxe1 Bxc1 28. Rxc1 Re8 29. Kf2 Re3 30. Qd2 f4 31. Re1 Qh3 32. Bxd5 cxd5 33. Rxe3 Qxh2+ 34. Ke1 Qxd2+ 35. Kxd2 fxe3+ 36. Kxe3 g5 37. c4 Kg6 38. Kf2 Kf5 39. Ke2 Ke6 40. Kf2 b6 41. Ke2 Kd6 42. Kf3 Ke6 43. g4 h4 44. Kg2 Kd6 1/2-1/2

[Event "Moscow op-A 14th"]
[Site "Moscow"]
[Date "2018.02.01"]
[Round "6"]
[White "Garayev, Kanan Farzali Oglu"]
[Black "Saiyn, Zhanat"]
[Result "1/2-1/2"]
[WhiteElo "2260"]
[BlackElo "2377"]
[PlyCount "71"]
[EventDate "2018.01.27"]
[EventType "swiss"]
[EventRounds "9"]
[EventCountry "RUS"]
[SourceTitle "CBM 182 Extra"]
[Source "ChessBase"]
[SourceDate "2018.02.23"]
[SourceVersion "1"]
[SourceVersionDate "2018.02.23"]
[SourceQuality "1"]

1. d4 d6 2. e4 g6 3. Nc3 Bg7 4. g3 e5 5. Be3 Nc6 6. dxe5 Nxe5 7. h3 Nf6 8. f4 Ned7 9. Nge2 0-0 10. Bg2 Nb6 11. b3 Re8 12. 0-0 c6 13. Qd2 d5 14. e5 Nfd7 15. a4 a5 16. Rae1 f6 17. exf6 Nxf6 18. Bd4 h5 19. Nc1 Bf5 20. Rxe8+ Nxe8 21. Re1 Bxd4+ 22. Qxd4 Nd7 23. Nd3 Qb6 24. Qxb6 Nxb6 25. Re7 Nd7 26. Ne2 Kf8 27. Re3 Ng7 28. Nd4 Bxd3 29. Rxd3 Re8 30. Kf2 Ne6 31. Bf3 Nxd4 32. Rxd4 Nc5 33. f5 gxf5 34. Rh4 Ne4+ 35. Bxe4 fxe4 36. Rxh5 1/2-1/2

[Event "Wch U20 56th"]
[Site "Tarvisio"]
[Date "2017.11.25"]
[Round "11"]
[White "Yuffa, Daniil"]
[Black "Saiyn, Zhanat"]
[Result "1/2-1/2"]
[WhiteElo "2527"]
[BlackElo "2374"]
[PlyCount "66"]
[EventDate "2017.11.13"]
[EventType "swiss"]
[EventRounds "11"]
[EventCountry "ITA"]
[SourceTitle "EXT 2019"]
[Source "ChessBase"]
[SourceDate "2018.10.10"]
[SourceVersion "1"]
[SourceVersionDate "2018.10.10"]
[SourceQuality "1"]

1. g3 Nf6 2. Bg2 e5 3. c4 d5 4. cxd5 Nxd5 5. Nc3 Nb6 6. d3 Be7 7. Be3 0-0 8. Rc1 Re8 9. a3 Bf8 10. h4 Nc6 11. Ne4 Be6 12. h5 h6 13. Nf3 Bg4 14. Rh4 Be6 15. Nc5 Bxc5 16. Rxc5 Nd5 17. Bd2 Qd6 18. Qc2 Rad8 19. b4 Kh7 20. Re4 Nf6 21. Rh4 a6 22. a4 Bg4 23. Nh2 Bd7 24. Nf1 Nd4 25. Bxb7 Bxa4 26. Ne3 Nb3 27. Qc4 Qb6 28. Rxc7 Nxd2 29. Kxd2 e4 30. Rxf7 exd3 31. exd3 Bb5 32. Qc7 Rxd3+ 33. Kc1 Rexe3 1/2-1/2

[Event "Wch U20 56th"]
[Site "Tarvisio"]
[Date "2017.11.16"]
[Round "4"]
[White "Saiyn, Zhanat"]
[Black "Lumachi, Gabriele"]
[Result "1-0"]
[WhiteElo "2374"]
[BlackElo "2111"]
[PlyCount "142"]
[EventDate "2017.11.13"]
[EventType "swiss"]
[EventRounds "11"]
[EventCountry "ITA"]
[SourceTitle "CBM 181 Extra"]
[Source "ChessBase"]
[SourceDate "2017.12.12"]
[SourceVersion "1"]
[SourceVersionDate "2017.12.12"]
[SourceQuality "1"]

1. d4 d5 2. Nf3 Nf6 3. c4 dxc4 4. e3 a6 5. Bxc4 b5 6. Bd3 Bb7 7. 0-0 e6 8. Qe2 c5 9. dxc5 Bxc5 10. Bxb5+ axb5 11. Qxb5+ Bc6 12. Qxc5 Ra5 13. Qd4 Rd5 14. Qb4 Na6 15. Qe1 Rh5 16. Nd4 Bb7 17. f3 0-0 18. Nb3 Bd5 19. Na3 Bxb3 20. axb3 Qb8 21. h3 Qxb3 22. e4 Nc5 23. Qe2 Nd3 24. Rd1 Nxc1 25. Raxc1 Qb6+ 26. Qf2 Qa5 27. Qd2 h6 28. Qxa5 Rxa5 29. Rc7 Rb8 30. Nc4 Rab5 31. Nd6 Rxb2 32. Nxf7 Rb1 33. Rxb1 Rxb1+ 34. Kh2 Ne8 35. Ra7 Rc1 36. h4 Rc7 37. Rxc7 Nxc7 38. Ne5 Ne8 39. Ng4 Kf7 40. Kg3 Nd6 41. Kf4 Nc8 42. Ke5 h5 43. Nf2 Ne7 44. Kf4 Kf6 45. Nd3 Ng6+ 46. Kg3 Ne7 47. f4 Nc6 48. Nc5 Nd4 49. Nd7+ Kf7 50. Ne5+ Kf6 51. Kf2 Nb3 52. Ke3 Nc5 53. Nd3 Nb3 54. Ne5 Nc5 55. Nf3 g6 56. Kd4 Nb3+ 57. Kc4 Na5+ 58. Kb4 Nb7 59. g3 Nd8 60. Ne5 Nb7 61. Nc6 e5 62. fxe5+ Ke6 63. Kb5 Nd8 64. Nxd8+ Kxe5 65. Nf7+ Kxe4 66. Nh8 Kd5 67. Kb6 Kd6 68. Kb7 Kd7 69. Kb6 Ke6 70. Kc6 Kf5 71. Kd5 Kg4 1-0

[Event "Wch U20 56th"]
[Site "Tarvisio"]
[Date "2017.11.13"]
[Round "1"]
[White "Van Foreest, Jorden"]
[Black "Saiyn, Zhanat"]
[Result "1/2-1/2"]
[WhiteElo "2616"]
[BlackElo "2374"]
[PlyCount "101"]
[EventDate "2017.11.13"]
[EventType "swiss"]
[EventRounds "11"]
[EventCountry "ITA"]
[SourceTitle "CBM 181 Extra"]
[Source "ChessBase"]
[SourceDate "2017.12.12"]
[SourceVersion "1"]
[SourceVersionDate "2017.12.12"]
[SourceQuality "1"]

1. e4 c6 2. d4 d5 3. Nd2 dxe4 4. Nxe4 Bf5 5. Ng3 Bg6 6. h4 h6 7. Nf3 Nd7 8. h5 Bh7 9. Bd3 Bxd3 10. Qxd3 e6 11. Bd2 Ngf6 12. 0-0-0 Be7 13. Ne4 Nxe4 14. Qxe4 Nf6 15. Qd3 0-0 16. Kb1 Qd5 17. Ne5 Rad8 18. Qe2 Qe4 19. Qxe4 Nxe4 20. Be3 Bf6 21. Rhe1 c5 22. Ng4 cxd4 23. Nxf6+ Nxf6 24. Bxd4 b6 25. Bxf6 gxf6 26. Kc1 f5 27. Rxd8 Rxd8 28. Rd1 Rxd1+ 29. Kxd1 e5 30. Ke2 f4 31. Kf3 f5 32. g3 fxg3 33. fxg3 Kf7 34. c4 a5 35. b3 Kf6 36. a3 Kg5 37. Ke2 Kf6 38. Ke3 Kg5 39. Kf3 Kf6 40. b4 axb4 41. axb4 Ke6 42. g4 e4+ 43. Kf4 fxg4 44. Kxe4 g3 45. Kf3 Ke5 46. Kxg3 Kd4 47. c5 bxc5 48. bxc5 Kxc5 49. Kf4 Kd6 50. Kf5 Ke7 51. Kg6 1/2-1/2

[Event "Asia-chT rapid U23 5th"]
[Site "Ashkhabad"]
[Date "2017.09.26"]
[Round "5.1"]
[White "Ali, Muhammad Lutfi"]
[Black "Saiyn, Zhanat"]
[Result "1-0"]
[WhiteElo "2421"]
[BlackElo "2374"]
[PlyCount "105"]
[EventDate "2017.09.25"]
[EventType "team-swiss (rapid)"]
[EventRounds "5"]
[EventCountry "TKM"]
[SourceTitle "EXT 2018"]
[Source "ChessBase"]
[SourceDate "2017.10.13"]
[SourceVersion "1"]
[SourceVersionDate "2017.10.13"]
[SourceQuality "1"]
[WhiteTeam "Indonesia"]
[BlackTeam "Kazakhstan"]
[WhiteTeamCountry "INA"]
[BlackTeamCountry "KAZ"]

1. e4 g6 2. d4 Bg7 3. Nf3 d6 4. Bc4 Nf6 5. Qe2 0-0 6. e5 dxe5 7. dxe5 Nd5 8. h3 Nb6 9. Bb3 Nc6 10. 0-0 Na5 11. Rd1 Qe8 12. Nc3 Nxb3 13. axb3 a6 14. Be3 Rb8 15. Bxb6 cxb6 16. Nd5 b5 17. Nd4 Be6 18. Nc7 Qc8 19. Ncxe6 fxe6 20. Rd3 Rd8 21. Rad1 Rd5 22. Nf3 Qc6 23. Rxd5 exd5 24. Nd4 Qb6 25. b4 e6 26. c3 Re8 27. Re1 Qc7 28. Qe3 Qf7 29. Re2 Rf8 30. Qg3 h6 31. Qg4 Re8 32. Re3 Kh7 33. Re2 Re7 34. Re3 Re8 35. g3 Qe7 36. Kg2 h5 37. Qe2 Rf8 38. Rf3 Rxf3 39. Nxf3 Bh6 40. Nd4 Kg7 41. Qd3 Qf7 42. Nf3 g5 43. Qd4 Kg6 44. g4 hxg4 45. hxg4 Qc7 46. Qd3+ Kg7 47. Qe3 Qc4 48. Nd4 Kg6 49. Qh3 Qc7 50. Qh5+ Kh7 51. f4 gxf4 52. g5 Qg7 53. Qxh6+ 1-0

[Event "Olomouc GM 20th"]
[Site "Olomouc"]
[Date "2017.08.14"]
[Round "4"]
[White "Saiyn, Zhanat"]
[Black "Domogaev, Sergey"]
[Result "1/2-1/2"]
[WhiteElo "2381"]
[BlackElo "2400"]
[PlyCount "177"]
[EventDate "2017.08.12"]
[EventType "tourn"]
[EventRounds "11"]
[EventCountry "CZE"]
[EventCategory "7"]
[SourceTitle "CBM 180 Extra"]
[Source "ChessBase"]
[SourceDate "2017.10.06"]
[SourceVersion "1"]
[SourceVersionDate "2017.10.06"]
[SourceQuality "1"]

1. d4 Nf6 2. Nf3 e6 3. c4 d5 4. Nc3 Nbd7 5. Bf4 dxc4 6. e3 a6 7. a4 Bd6 8. Bxc4 Bxf4 9. exf4 0-0 10. 0-0 a5 11. Ne5 Nb6 12. Be2 c6 13. Bf3 Qd6 14. Qd3 Rd8 15. Rfd1 Qb4 16. b3 Nbd5 17. Ne2 Bd7 18. Rdc1 Be8 19. g3 Qb6 20. Rc4 Ne7 21. Rb1 Nfd5 22. Be4 g6 23. Bg2 f6 24. Nf3 Bf7 25. h4 Nb4 26. Qd2 h5 27. Rbc1 Nf5 28. Rc5 Rd7 29. Kh2 Rad8 30. Kg1 Na6 31. Qxa5 Qxb3 32. R5c3 Qb4 33. Qxb4 Nxb4 34. Rb1 Nd5 35. Rcb3 Nd6 36. Nd2 Ra8 37. Ne4 Nxe4 38. Bxe4 Ra7 39. R3b2 Ne7 40. Bc2 Nf5 41. Rb4 Kf8 42. f3 Ke7 43. Kf2 Kd8 44. Rd1 Ne7 45. Nc3 Nd5 46. Nxd5 Rxd5 47. Bb3 Rda5 48. g4 b5 49. axb5 Rxb5 50. Rxb5 cxb5 51. Re1 Re7 52. g5 fxg5 53. fxg5 b4 54. Re5 Rb7 55. Ke2 Kd7 56. Ra5 Kc6 57. Ba4+ Kd6 58. Ra6+ Ke7 59. Bc6 Rb8 60. Ra7+ Kd6 61. Ba4 Be8 62. Bxe8 Rxe8 63. Rb7 e5 64. Rxb4 exd4+ 65. Kd3 Re3+ 66. Kxd4 Rxf3 67. Rb6+ Ke7 68. Rxg6 Rf4+ 69. Ke5 Rxh4 70. Ra6 Rb4 71. Kf5 h4 72. Kg6 h3 73. Ra7+ Kf8 74. Ra8+ Ke7 75. Rh8 Rb3 76. Rh4 Rg3 77. Rh5 Ke6 78. Kg7 Kf5 79. g6+ Kf4 80. Kf6 Kf3 81. g7 Rxg7 82. Kxg7 Kg2 83. Rg5+ Kf2 84. Rf5+ Kg2 85. Ra5 h2 86. Ra2+ Kg1 87. Ra1+ Kg2 88. Ra2+ Kg1 89. Ra1+ 1/2-1/2

[Event "Prague Summer op 4th"]
[Site "Prague"]
[Date "2017.08.11"]
[Round "9"]
[White "Saiyn, Zhanat"]
[Black "Nitish, Belurkar"]
[Result "1/2-1/2"]
[WhiteElo "2381"]
[BlackElo "2269"]
[PlyCount "51"]
[EventDate "2017.08.04"]
[EventType "swiss"]
[EventRounds "9"]
[EventCountry "CZE"]
[SourceTitle "CBM 179 Extra"]
[Source "ChessBase"]
[SourceDate "2017.08.23"]
[SourceVersion "1"]
[SourceVersionDate "2017.08.23"]
[SourceQuality "1"]

1. d4 d5 2. Nf3 Nf6 3. c4 c6 4. e3 a6 5. Nc3 b5 6. cxd5 cxd5 7. Ne5 Nbd7 8. f4 e6 9. Bd3 Bd6 10. 0-0 Bb7 11. Qf3 Rc8 12. a3 0-0 13. Bd2 Ba8 14. Be1 Ne8 15. Qh3 g6 16. Rc1 Be7 17. Qh6 f5 18. Rf3 Nxe5 19. fxe5 Bg5 20. Qh3 Bb7 21. Bd2 Ng7 22. Rff1 Qd7 23. Qg3 Be7 24. Ne2 Rxc1 25. Rxc1 Rc8 26. Qe1 1/2-1/2

[Event "Prague Summer op 4th"]
[Site "Prague"]
[Date "2017.08.09"]
[Round "7"]
[White "Saiyn, Zhanat"]
[Black "Slovak, Kilian"]
[Result "1/2-1/2"]
[WhiteElo "2381"]
[BlackElo "2101"]
[PlyCount "51"]
[EventDate "2017.08.04"]
[EventType "swiss"]
[EventRounds "9"]
[EventCountry "CZE"]
[SourceTitle "CBM 179 Extra"]
[Source "ChessBase"]
[SourceDate "2017.08.23"]
[SourceVersion "1"]
[SourceVersionDate "2017.08.23"]
[SourceQuality "1"]

1. d4 Nf6 2. Nf3 g6 3. c4 Bg7 4. Nc3 d6 5. e4 0-0 6. Be2 e5 7. 0-0 exd4 8. Nxd4 Re8 9. f3 c6 10. Be3 d5 11. cxd5 cxd5 12. Qb3 Nc6 13. Rad1 Na5 14. Qa3 Bf8 15. b4 Nc6 16. Nxc6 bxc6 17. Bc5 Bxc5+ 18. bxc5 Qe7 19. Bd3 Be6 20. Rfe1 Rac8 21. Bc2 Nh5 22. exd5 cxd5 23. Nxd5 Qxc5+ 24. Qxc5 Rxc5 25. Bb3 Kg7 26. g4 1/2-1/2

[Event "Pardubice Czech op-A 28th"]
[Site "Pardubice"]
[Date "2017.07.29"]
[Round "9"]
[White "Saiyn, Zhanat"]
[Black "Haring, Filip"]
[Result "1-0"]
[WhiteElo "2390"]
[BlackElo "2278"]
[PlyCount "99"]
[EventDate "2017.07.21"]
[EventType "swiss"]
[EventRounds "9"]
[EventCountry "CZE"]
[SourceTitle "CBM 179 Extra"]
[Source "ChessBase"]
[SourceDate "2017.08.23"]
[SourceVersion "1"]
[SourceVersionDate "2017.08.23"]
[SourceQuality "1"]

1. d4 Nf6 2. Nf3 e6 3. c4 b6 4. a3 Ba6 5. Qc2 Bb7 6. Nc3 c5 7. dxc5 bxc5 8. Bf4 Be7 9. h3 0-0 10. e3 Bxf3 11. gxf3 Nc6 12. 0-0-0 Nh5 13. Bd6 Bxd6 14. Rxd6 Qe7 15. Rd2 f5 16. f4 Rab8 17. Qa4 Rb6 18. Bg2 Rfb8 19. Bxc6 dxc6 20. Rhd1 Nf6 21. Qa5 R6b7 22. Rd8+ Kf7 23. Rxb8 Rxb8 24. Na4 Qb7 25. Qc3 Nd7 26. Qd3 Nf6 27. Qc3 Nd7 28. Qd2 Nf6 29. Nxc5 Qb6 30. Qd4 a5 31. Qe5 Re8 32. Rd6 Qb8 33. Rxc6 Qa8 34. Rc7+ Kg6 35. e4 Kh6 36. f3 Qd8 37. Rc6 a4 38. Qc3 Qb8 39. e5 Nh5 40. Nxe6 g6 41. Qc2 Qa7 42. Nc5 Qa5 43. Nd3 Rd8 44. Rd6 Rc8 45. Kb1 Qa8 46. Qg2 Kg7 47. c5 Qb7 48. Qf2 Qb3 49. Qc2 Qb7 50. Qxa4 1-0

[Event "Pardubice Czech op-A 28th"]
[Site "Pardubice"]
[Date "2017.07.24"]
[Round "4"]
[White "Dowgird, Filip"]
[Black "Saiyn, Zhanat"]
[Result "1/2-1/2"]
[WhiteElo "2242"]
[BlackElo "2390"]
[PlyCount "87"]
[EventDate "2017.07.21"]
[EventType "swiss"]
[EventRounds "9"]
[EventCountry "CZE"]
[SourceTitle "CBM 179 Extra"]
[Source "ChessBase"]
[SourceDate "2017.08.23"]
[SourceVersion "1"]
[SourceVersionDate "2017.08.23"]
[SourceQuality "1"]

1. e4 g6 2. g3 d5 3. exd5 Qxd5 4. Nf3 Bg4 5. Bg2 Qe6+ 6. Kf1 Bg7 7. Na3 c6 8. h3 Bxf3 9. Bxf3 Qd7 10. Kg2 Nf6 11. d4 0-0 12. Re1 Qd8 13. Nc4 Nbd7 14. a4 Nd5 15. c3 e6 16. Ne5 N5f6 17. Nd3 a5 18. Qe2 Rc8 19. Bf4 Nd5 20. Bd6 Re8 21. h4 Bf8 22. Bxf8 Rxf8 23. h5 Qg5 24. Rh1 Rce8 25. Rae1 Re7 26. Rh4 Rfe8 27. hxg6 fxg6 28. Rg4 Qf6 29. c4 N5b6 30. b3 e5 31. Re4 Nf8 32. dxe5 Qg5 33. Qe3 Qxe3 34. R4xe3 Ne6 35. Bg4 Nd4 36. Nc5 Nc2 37. f4 Nxe1+ 38. Rxe1 h5 39. Bh3 Rd8 40. Kf3 Na8 41. Re3 b6 42. Ne4 Nc7 43. Ng5 Rd4 44. Bc8 1/2-1/2

[Event "Pardubice op rapid 28th"]
[Site "Pardubice"]
[Date "2017.07.20"]
[Round "9"]
[White "Saiyn, Zhanat"]
[Black "Srinath, Rao SV"]
[Result "1/2-1/2"]
[WhiteElo "2390"]
[BlackElo "2321"]
[PlyCount "35"]
[EventDate "2017.07.19"]
[EventType "swiss (rapid)"]
[EventRounds "9"]
[EventCountry "CZE"]
[SourceTitle "CBM 179 Extra"]
[Source "ChessBase"]
[SourceDate "2017.08.23"]
[SourceVersion "1"]
[SourceVersionDate "2017.08.23"]
[SourceQuality "1"]

1. d4 Nf6 2. Nf3 g6 3. c4 Bg7 4. Nc3 0-0 5. e4 d6 6. Be2 e5 7. 0-0 Nc6 8. d5 Ne7 9. Ne1 Nd7 10. Be3 f5 11. f3 f4 12. Bf2 g5 13. Rc1 Ng6 14. Nb5 b6 15. b4 a6 16. Nc3 Rf7 17. Nd3 Bf8 18. c5 1/2-1/2

[Event "Pardubice op rapid 28th"]
[Site "Pardubice"]
[Date "2017.07.19"]
[Round "2"]
[White "Simet, Martin"]
[Black "Saiyn, Zhanat"]
[Result "1/2-1/2"]
[WhiteElo "2210"]
[BlackElo "2390"]
[PlyCount "24"]
[EventDate "2017.07.19"]
[EventType "swiss (rapid)"]
[EventRounds "9"]
[EventCountry "CZE"]
[SourceTitle "CBM 179 Extra"]
[Source "ChessBase"]
[SourceDate "2017.08.23"]
[SourceVersion "1"]
[SourceVersionDate "2017.08.23"]
[SourceQuality "1"]

1. d4 Nf6 2. Nf3 e6 3. Bf4 c5 4. e3 Nc6 5. c3 Be7 6. h3 d5 7. Be2 0-0 8. 0-0 Bd6 9. dxc5 Bxc5 10. Nbd2 Bd6 11. Bxd6 Qxd6 12. c4 Rd8 1/2-1/2

[Event "KAZ-ch"]
[Site "Almaty"]
[Date "2017.04.18"]
[Round "8"]
[White "Kuderinov, Kirill"]
[Black "Saiyn, Zhanat"]
[Result "1/2-1/2"]
[WhiteElo "2482"]
[BlackElo "2395"]
[PlyCount "111"]
[EventDate "2017.04.11"]
[EventType "tourn"]
[EventRounds "11"]
[EventCountry "KAZ"]
[EventCategory "9"]
[SourceTitle "CBM 177 Extra"]
[Source "ChessBase"]
[SourceDate "2017.04.27"]
[SourceVersion "1"]
[SourceVersionDate "2017.04.27"]
[SourceQuality "1"]

1. e4 g6 2. d4 d6 3. Nc3 Bg7 4. h3 e5 5. dxe5 dxe5 6. Qxd8+ Kxd8 7. Nf3 f6 8. Be3 Be6 9. Nd2 Bh6 10. Bxh6 Nxh6 11. Bc4 Ke7 12. 0-0-0 Rd8 13. Bxe6 Kxe6 14. Nb3 Na6 15. Na5 b6 16. Rxd8 Rxd8 17. Nc6 Ra8 18. Rd1 Nf7 19. b4 Nd6 20. f3 Kd7 21. b5 Nb8 22. Nb4 c6 23. a3 a5 24. bxc6+ Nxc6 25. Ncd5 Rf8 26. Nxb6+ Kc7 27. N4d5+ Kb7 28. Nd7 Rc8 29. Nc5+ Ka7 30. Ne7 Nxe7 31. Rxd6 Rxc5 32. Rd7+ Kb6 33. Rxe7 f5 34. Rxh7 fxe4 35. fxe4 Rc3 36. Rg7 Rg3 37. h4 Rxg2 38. h5 Kc5 39. hxg6 Kd4 40. Rd7+ Kxe4 41. g7 Kf5 42. c4 Ke6 43. Ra7 Kd6 44. Kd1 Kc5 45. Rxa5+ Kxc4 46. Ra7 e4 47. Ke1 e3 48. Kf1 Rg3 49. Rb7 Kc5 50. Ke2 Kc6 51. Re7 Kb5 52. Kd3 Kb6 53. a4 Ka6 54. Kc4 e2 55. Re6+ Ka7 56. Rxe2 1/2-1/2

[Event "Pavlodar op"]
[Site "Pavlodar"]
[Date "2016.11.29"]
[Round "10"]
[White "Saiyn, Zhanat"]
[Black "Burmakin, Vladimir"]
[Result "1-0"]
[WhiteElo "2384"]
[BlackElo "2535"]
[PlyCount "81"]
[EventDate "2016.11.21"]
[EventType "swiss"]
[EventRounds "10"]
[EventCountry "KAZ"]
[SourceTitle "EXT 2018"]
[Source "ChessBase"]
[SourceDate "2017.10.13"]
[SourceVersion "1"]
[SourceVersionDate "2017.10.13"]
[SourceQuality "1"]

1. Nf3 d5 2. c4 c6 3. g3 Nf6 4. Bg2 Bf5 5. cxd5 cxd5 6. Qb3 Qb6 7. Qxb6 axb6 8. Nc3 Bd7 9. d3 e6 10. 0-0 Bc5 11. a3 Nc6 12. Bf4 Nd4 13. Nxd4 Bxd4 14. e3 Bxc3 15. bxc3 b5 16. Bd6 Bc6 17. f4 Kd7 18. Bb4 g6 19. h3 h5 20. Rad1 Ne8 21. e4 Nc7 22. f5 gxf5 23. exf5 e5 24. f6 Rhg8 25. Kh2 Ke6 26. h4 Kd7 27. Rde1 e4 28. dxe4 dxe4 29. Bxe4 Bxe4 30. Rxe4 Nd5 31. Rd4 Kc6 32. c4 Nxb4 33. cxb5+ Kb6 34. Rxb4 Rg6 35. Rbf4 Re8 36. Rf5 Re6 37. Rxh5 Rexf6 38. Rhf5 Rxf5 39. Rxf5 f6 40. a4 Ka5 41. Rf4 1-0